| 000 | 04128nam a2200481 4500 | ||
|---|---|---|---|
| 003 | EG-GICUC | ||
| 005 | 20260305095714.0 | ||
| 008 | 260305s2025 ua ||||fr|||| 000 0 ara d | ||
| 040 |
_aEG-GICUC _cEG-GICUC _dEG-GICUC _erda _bara |
||
| 041 | 0 |
_aara _dara _bara |
|
| 049 | _aإهداء | ||
| 082 | 0 | 4 |
_a343.3644 _221 |
| 097 | _aPh.D | ||
| 099 | _aLaw 10 PHD 2025 | ||
| 100 | 0 |
_aغريب محمد أحمد الخديم العنتلي _eمؤلف. |
|
| 245 | 1 | 0 |
_aالحق في الاستعانة بمحام في قانون الإجراءات الجزائية الإماراتي (دراسة مقارنة) / _cإعداد غريب محمد أحمد الخديم العنتلي؛ إشراف الأستاذ الدكتور أحمد عوض بلال. |
| 264 | 0 |
_aالقاهرة : _bكلية الحقوق - جامعة القاهرة, _c2025. |
|
| 300 |
_a211 صفحة : _c25 سم. |
||
| 336 |
_atext _2rda content |
||
| 337 |
_aComputer _2rda media |
||
| 338 |
_aOnline Resource _2rda carrier |
||
| 502 | _a أطروحة (دكتوراة)-جامعة القاهرة، كلية الحقوق، قسم القانون الجنائي، 2025. | ||
| 504 | _aيشتمل على إرجاعات بيبليوجرافية: 408-419 | ||
| 520 | 3 | _aتدور هذه الدارسة حول حق المتهم في الاستعانة بمحامي باعتباره من الحقوق التي يستمدها من حقه في تحقيق دفاعه، وتتطرق الدارسة إلى حق المتهم في ممارسة هذا الحق في مرحلة المحاكمة وكذا المرحلة التي تسبقها وتتطرق إلى الطبيعة القانونية للعلاقة بين المتهم والمحامي والإطار القانوني الذي في ضونه يمارس المتهم حقه في الاستعانة بمحامي. وقد استهدفت الدراسة بضرورة أساسية التطرق إلى أحكام حق المتهم في الاستعانة بمحامي في مراحل الدعوى والقيود الواردة على هذا الحق والتنظيم القانوني لهذا الحق في نظام الإجراءات الجزائية الإماراتي، واستعان في سبيل ذلك بالمنهج الوصفي التحليلي المقارن، وخلص الباحث في ختام دراسته إلى عدد من النتائج تمثل أهمها في أن المنظم الإماراتي غاير بين حق المتهم في الاستعانة بمحامي في مواد الجنايات المعاقب عليها بالإعدام والسجن المؤبد بجعله وجوبياً، بينما جعل الحق في الاستعانة بمحامي في غير ذلك جوازيا للمتهم الخيار بين الاستعانة بمحامي من عدمه، وأن طبيعة العلاقة بين المتهم ومحامية هي وكالة بالخصومة وذلك لما ينصب عليه العقد المبرم بين المتهم والحامي من اعمال مادية وإجراءات قانونية والتي بطبيعتها تدخل في نطاق الوكالة بالخصومة يمثل فيها المحامي المتهم تمثيلاً قانونياً. | |
| 546 | _aالنص بالعربية والملخص باللغة الإنجليزية والعربية. | ||
| 650 | 0 | 4 |
_aالقانون الجنائي _2qrmak _zالإمارات |
| 653 | 0 | _aتجريم القانون الجنائي | |
| 653 | 0 | _aالقاضي | |
| 653 | 0 | _aمحام | |
| 653 | 0 | _aالمعاصر | |
| 653 | 0 | _aالدفاع | |
| 653 | 0 | _aالمشرع | |
| 653 | 0 | _aالتشريع الإماراتي | |
| 653 | 0 | _aالتشريع المصري | |
| 653 | 0 | _aالاستعانة | |
| 655 | 4 |
_aرسائل جامعية _zجامعة القاهرة |
|
| 700 | 0 |
_aأحمد عوض بلال _eمشرف. |
|
| 710 | 2 |
_aجامعة القاهرة _bكلية الحقوق |
|
| 856 | _uhttps://fll.law.cu.edu.eg/fulltext/th/T10-04334.pdf | ||
| 900 |
_b2025 _Uجامعة القاهرة _Fكلية الحقوق _Dقسم القانون الجنائي |
||
| 905 | _a64 | ||
| 942 |
_2ddc _n0 _cTH _e21 |
||
| 999 | _c64982 | ||